000 00445nam a2200181Ia 4500
001 14897
005 20260306164948.0
008 260306t2010||||xx |||||||||||||| ||spa||
041 _aESP
082 _a519.5
_bL54 2010
100 _aLevin, Richard I.
_eAUT
245 0 _aEstadística para administración y economía
260 _c2010
300 _a799 páginas :
_c25 cm.
650 _aGEN
654 _aCMA
942 _cLIB
_dJUS
_fJUS
_2ddc
_n
999 _c14897
_d14897